Financial Accounting For Management: (Record no. 212158)

MARC details
000 -LEADER
fixed length control field 00623nam a22001937a 4500
005 - DATE AND TIME OF LATEST TRANSACTION
control field 20250707123029.0
010 ## - LCCN (DPL NO)
LC control number ENG-145703
020 ## - INTERNATIONAL STANDARD BOOK NUMBER
International Standard Book Number 9789367137116
Terms of availability 920.00
035 ## - SYSTEM CONTROL NUMBER
System control number EN-129235
037 ## - SOURCE OF ACQUISITION
Source of stock number/acquisition DBAD
082 ## - DEWEY DECIMAL CLASSIFICATION NUMBER
Classification number 657.042
Edition number 8
100 ## - MAIN ENTRY--PERSONAL NAME
Personal name Gupta, Ambrish
245 ## - TITLE STATEMENT
Title Financial Accounting For Management:
Remainder of title An Analytical Perspective/
Statement of responsibility, etc Ambrish Gupta
250 ## - EDITION STATEMENT
Edition statement 8
260 ## - PUBLICATION, DISTRIBUTION, ETC. (IMPRINT)
Place of publication, distribution, etc Noida
Name of publisher, distributor, etc Pearson India Education
Date of publication, distribution, etc 2025
270 ## - ADDRESS
Address 15th Floor, Towe-B, World Trade Tower, Plot No.1, Block-C, Sector-16
City Noida
Postal code 201301
300 ## - PHYSICAL DESCRIPTION
Extent 845p.
Dimensions 25cm(pbk)
942 ## - ADDED ENTRY ELEMENTS (KOHA)
Source of classification or shelving scheme Dewey Decimal Classification
Item type English Books
Classification part 657.042
Call number suffix GUP
Holdings
Withdrawn status Lost status Not for loan Collection code Home library Current library Date acquired Source of acquisition Cost, normal purchase price Full call number Barcode Copy number Cost, replacement price Koha item type
      Non-fiction Mobile Library Mobile Library 07/07/2025 Delivery of Books Act Division 920.00 657.042 GUP EN-129235 1 920.00 English Books

© Delhi Public Library
Hit Counter
free hit counter